000 00470nam a2200157Ia 4500
003 Ost
005 20260507075701.0
008 260507s9999||||xx |||||||||||||| ||und||
040 _cfsecg
041 _aara
100 _aستيل، هايدي
_eمؤلف
245 0 _aكيف تستعمل الانترنت /
_c هايدي ستيل
260 _aبيروت:
_bالدار العلمية للعلوم,
_c1998
653 _aاستعمال الانترنت
942 _cكتاب
999 _c45822
_d45822